000 00217nam a2200097Ia 4500
008 191206s9999 xx 000 0 und d
020 _a582331358
090 _aQD33A2
245 0 _aCERTIFICATE CHEMISTRY
260 _cc1964
999 _c15646
_d15646